000 00302nam a2200097Ia 4500
008 220204s9999 xx 000 0 und d
082 _a058:658.114(540)
_bIND
245 0 _aIndia 2004 Business directory: The address book for business people
260 _aNew Delhi
_bAmelia Publications
_c2004
942 _cBK
999 _c42350
_d42350